000 00294nam a22001337a 4500
008 170921b xxu||||| |||| 00| 0 eng d
020 _a000020027520
041 _aeng
080 _a78
100 _a45
101 _aMUZ
245 _aFAVORITE FRENCH ART SONG
_cLEONARD.H
942 _2udc
_cBK
999 _c28794
_d28794